| 000 | 00437cam a2200169ua 4500 | ||
|---|---|---|---|
| 020 | _c1.25 | ||
| 041 |
_amal _h |
||
| 082 |
_a894.8121 _bCHA/AN |
||
| 100 | _aChandrasekharan Warrier, M.S . | ||
| 245 |
_aAntiyum vasanthiyum / _cM.S Chandrasekharan Warrier. _hTextual Documents |
||
| 260 |
_a : _bM.S Chandrasekharan Warrier , _c1967. |
||
| 300 | _a81 ; . | ||
| 365 | _a1.25 | ||
| 504 | _a | ||
| 942 | _cBK | ||
| 999 |
_c4815 _d4815 |
||